Les Ardentes 2024 - La Line Up - Statistiques

Statistiques générales
  • Ce quiz a été pris 30 fois
  • Le résultat moyen est 33 sur 108
Statistiques - réponses
Indice Artiste % Correct
Matuidi Charo Niska
96%
Pas bête Beendo Z
88%
Codéine 19 Hamza
88%
Scarface Booba
85%
La Kiffance Naps
85%
Caramelo Ninho
85%
Mr. Ocho) SDM
81%
FLASHBACK (ft.Gazo) Favé
77%
Freeze Raël Freeze Corleone
77%
Émotif (Booska 1H) PLK
77%
Extasy Zola
77%
MAUVAIS PAYEUR La Fève
73%
Sexyy Red (ft.La Fève) Lala &ce
73%
Starships Nicki Minaj
69%
Bolide Noir (ft.JRK19) Central Cee
65%
Ailleurs Josman
65%
Bazardée Keblack
65%
Macaroni (ft.Ninho) Leto
65%
Sadio (ft.Hamza) Offset
65%
Fixette Ziak
65%
Fuck le 17 13 Block
62%
Loco Contigo (with J Balvin & Tyga) DJ Snake
62%
Sheyguy 10 #Traction Gradur
62%
Bonbon à la menthe (ft.Mallaury) Jok'air
62%
La League Werenoi
62%
Tonton du bled Rim'K
58%
MAMI WATA Gazo & Tiakola
54%
Say So Doja Cat
50%
Notif Shay
50%
TORE UP Don Toliver
46%
À la fête UZI
46%
a lot (ft.J.Cole) 21 Savage
42%
Suga Suga (ft.Népal) Doums
42%
SPIDER (ft.GIMS) Dystinct
42%
fukumean Gunna
42%
A.W.A Lacrim
42%
If We Being Rëal Yeat
42%
Rodé So La Lune
35%
Temps en temps Zola & Koba LaD
35%
LA QUOI ? (ft.La Mano 1.9) Nono la Grinta
31%
Suis-moi (ft.Ninho) Ronisia
31%
Juste pour voir (ft.Nekfeu) S.Pri Noir
31%
Tiki Taka Vacra
31%
Les Tiktoks de Bardella (ft.Caballero&JeanJass) Ben PLG
27%
Imagine Carbonne
27%
if looks could kill Destroy Lonely
27%
Bolide Noir (ft.Central Cee) JRK19
27%
Érotiquement votre Krisy
27%
palavé (ft.Tiakola) RSKO
27%
BITCHES & RYADS B.B. Jacques
23%
10 balles (ft.abel31 H Jeunecrack
23%
Sticky (ft.Tyler, The Creator, GloRilla & Lil Wayne) Sexyy Red
23%
Ojos Sin Ver (ft.Morad) ElGrandeToto
19%
Eloko Oyo Fally Ipupa
19%
Jolie Madame (ft.Ronisia) Joé Dwet Filé
19%
KILLCAM (ft.Luther) NeS
19%
Phoenix (ft.Alpha Wann) Norsacce
19%
Rush Ayra Starr
15%
Magenta Bekar
15%
Carcan de cuir Dali
15%
Overseas (ft.Central Cee) D-Block Europe
15%
SENSATION HOUDI
15%
soldat tue soldat (ft.Alpha Wann & Kaaris) Infinit'
15%
But en or (ft.ISHA) Limsa d'Aulnay
15%
Booska Pute Lyonzon
15%
merci bonne journée (ft.H JeuneCrack) Maïro
15%
Dernier je t'aime (ft.Josman) Monsieur Nov
15%
Voyage auditif (ft.Lorenzo) Poto Rico
15%
Problème (ft.Luidji & Makala) Prince Waly
15%
Hinata TIF
15%
Brrr (with Vladimir Cauchemar, Laylow & Rim'K) Asdek
12%
BILLIE EILISH Danyl
12%
PLUS LE MÊME (ft.Jolagreen23) Lesram
12%
Tatooine (ft.Luv Resval) Savage Toddy
12%
LE TERRAIN TH
12%
Joueur 1 (ft.Luidji) Tuerie
12%
Jodeci YG Pablo
12%
.pk tu pleures? (ft. le N) ADVM
8%
Club classics (ft. Charli xcx) Bb trickz
8%
Kaylatrix (ft.Diddi Trix) Kay The Prodigy
8%
Dernier texto KIK
8%
Qui sait ? (ft.ElGrandeToto) Niro
8%
Léon (ft.Luther) Selug & Senar
8%
HEB (ft.Asdek & Low) Sto
8%
Trotski winnterzuko
8%
Mezel Zinée
8%
C'est reparti (Freestyle Planète rap) 3NOIR
4%
Abso skit Absolem
4%
+ en + arone
4%
100 FOIS Dau
4%
Kitoko Furlax
4%
B.A.B gapman
4%
No Rnb Gen
4%
CONTRAIRE DE MOI Godson
4%
Coeur cassé Jeune Mort
4%
Personne (ft.Youv Dee) Kalika
4%
Mauvais Côté Kyana
4%
Purple Window Nico Moreno
4%
Otage Tsew The Kid
4%
Wadibusa Uncle Waffles
4%
Bitch mood Urumi
4%
MARIA Yanso & Boub'z
4%
Miles Away Dina Ayada
0%
À l'aise Enima
0%
Supalife 4 Harley
0%
BAKWA LAH Major League Djz
0%
Déjà fait (ft.JeanJass) Peet
0%
Zepe & Zada (ft.Maïro) Slimka
0%
Aucun quiz correspondant
Distribution des résultats
% des personnes avec chaque résultat
Percentile par nombre de réponses
Votre historique - résultats
Vous n’avez pas pris ce quiz